[Event "EWCCC Online Final 2020"]
[Site "Online"]
[Date "2020.12.21"]
[Round "2.2"]
[White "Arabidze, Meri"]
[Black "Mammadova, Gulnar"]
[Result "1/2-1/2"]
[WhiteElo "2437"]
[BlackElo "2382"]
[Annotator "NA"]
[PlyCount "110"]
[EventDate "2020.12.19"]
[EventType "team-tourn"]
[EventCountry "NET"]
[SourceTitle "playchess.com"]
[Source "ChessBase"]
[SourceQuality "1"]
[TimeControl "900+5"]

1. Nf3 {[%emt 0:00:02]} d5 {[%emt 0:00:07]} 2. b3 {[%emt 0:00:03]} c5 {[%emt 0:00:04]} 3. e3 {[%emt 0:00:01]} Nc6 {[%emt 0:00:28]} 4. Bb5 {[%emt 0:00:06]} Bg4 {[%emt 0:01:09]} 5. h3 {[%emt 0:00:05]} Bxf3 {[%emt 0:00:12]} 6. Qxf3 {[%emt 0:00:10]} Nf6 {[%emt 0:00:02]} 7. Bb2 {[%emt 0:00:06]} a6 {[%emt 0:00:05]} 8. Bxc6+ {[%emt 0:00:12]} bxc6 {[%emt 0:00:02]} 9. d3 {[%emt 0:00:07]} g6 {[%emt 0:00:29]} 10. Nc3 {[%emt 0:00:35]} Bg7 {[%emt 0:00:25]} 11. Na4 {[%emt 0:00:11]} O-O {[%emt 0:00:42]} 12. O-O {[%emt 0:00:05]} Nd7 {[%emt 0:00:42]} 13. Bxg7 {[%emt 0:00:05]} Kxg7 {[%emt 0:00:02]} 14. c4 {[%emt 0:00:21]} e6 {[%emt 0:00:15]} 15. Qe2 {[%emt 0:00:06]} Qe7 {[%emt 0:00:31]} 16. Rac1 {[%emt 0:00:17]} a5 {[%emt 0:01:55]} 17. Qb2+ {[%emt 0:00:23]} Kg8 {[%emt 0:00:05]} 18. Rc2 {[%emt 0:00:07]} e5 {[%emt 0:00:37]} 19. cxd5 {[%emt 0:01:45]} cxd5 {[%emt 0:00:04]} 20. Rfc1 {[%emt 0:00:01]} Rfc8 {[%emt 0:00:14]} 21. Qa3 {[%emt 0:00:35]} d4 {[%emt 0:00:21]} 22. e4 {[%emt 0:01:22]} Rc6 {[%emt 0:00:09]} 23. Rc4 {[%emt 0:00:15]} Rac8 {[%emt 0:01:02]} 24. R1c2 {[%emt 0:00:11]} Kg7 {[%emt 0:00:16]} 25. Qc1 {[%emt 0:00:05]} h5 {[%emt 0:00:26]} 26. Qe1 {[%emt 0:02:29]} Qd8 {[%emt 0:00:07]} 27. Qc1 {[%emt 0:00:29]} Qe7 {[%emt 0:00:14]} 28. a3 {[%emt 0:00:05]} Rb8 {[%emt 0:01:35]} 29. b4 {[%emt 0:00:03]} axb4 {[%emt 0:00:02]} 30. axb4 {[%emt 0:00:02]} Nb6 {[%emt 0:02:10]} 31. Rxc5 {[%emt 0:00:45]} Rxc5 {[%emt 0:00:19]} 32. Nxc5 {[%emt 0:00:03]} Nd7 {[%emt 0:00:01]} 33. Nxd7 {[%emt 0:00:36]} Qxd7 {[%emt 0:00:03]} 34. Rc4 {[%emt 0:00:05]} Qa4 {[%emt 0:00:31]} 35. Qg5 {[%emt 0:02:06]} Qd1+ {[%emt 0:00:08]} 36. Kh2 {[%emt 0:00:02]} Re8 {[%emt 0:00:02]} 37. Qg3 {[%emt 0:00:26]} h4 {[%emt 0:00:20]} 38. Qf3 {[%emt 0:00:03]} Qxf3 {[%emt 0:00:26]} 39. gxf3 {[%emt 0:00:01]} Rb8 {[%emt 0:00:10]} 40. f4 {[%emt 0:00:01]} f6 {[%emt 0:00:36]} 41. Kg2 {[%emt 0:00:03]} Kf7 {[%emt 0:00:10]} 42. fxe5 {[%emt 0:00:31]} fxe5 {[%emt 0:00:02]} 43. Kf3 {[%emt 0:00:45]} Ke7 {[%emt 0:00:02]} 44. Kg4 {[%emt 0:00:42]} Rf8 {[%emt 0:00:05]} 45. b5 {[%emt 0:00:17]} Rxf2 {[%emt 0:00:25]} 46. Rb4 {[%emt 0:00:30]} Rf4+ {[%emt 0:00:07]} 47. Kg5 {[%emt 0:00:03]} Kd7 {[%emt 0:00:03]} 48. b6 {[%emt 0:00:06]} Kc8 {[%emt 0:00:01]} 49. b7+ {[%emt 0:00:16]} Kb8 {[%emt 0:00:03]} 50. Rb3 {[%emt 0:00:02]} Rf2 {[%emt 0:00:36]} 51. Kxh4 {[%emt 0:00:09]} Rg2 {[%emt 0:00:02]} 52. Rb1 {[%emt 0:00:09]} Rd2 {[%emt 0:00:07]} 53. Rb3 {[%emt 0:00:23]} Rg2 {[%emt 0:00:02]} 54. Rb5 {[%emt 0:00:02]} Rd2 {[%emt 0:00:05]} 55. Rb3 {[%emt 0:00:55]} Rg2 {[%emt 0:00:02]} 1/2-1/2

[Event "EWCCC Online Final 2020"]
[Site "Online"]
[Date "2020.12.21"]
[Round "2.2"]
[White "Ambartsumova, Karina"]
[Black "Mamedjarova, Turkan"]
[Result "1-0"]
[WhiteElo "2382"]
[BlackElo "2309"]
[Annotator "TA"]
[PlyCount "145"]
[EventDate "2020.12.19"]
[EventType "team-tourn"]
[EventCountry "NET"]
[SourceTitle "playchess.com"]
[Source "ChessBase"]
[SourceQuality "1"]

{[%evp 9,145,22,24,16,30,29,25,29,20,22,23,17,68,42,77,58,63,50,46,39,41,38,35,39,46,15,20,29,27,28,36,19,12,22,27,18,65,48,26,20,23,24,35,37,47,20,37,18,20,14,67,23,26,10,54,27,36,21,107,115,106,111,111,107,106,102,220,91,94,96,97,99,94,81,96,89,131,105,109,0,129,124,268,264,267,266,304,300,359,354,338,330,408,401,470,463,529,508,842,842,817,824,820,764,805,772,1735,1519,1732,1568,1625,1721,1415,1375,1733,1658,1985,1979,1986,1901,3316,3340,2999,3187,2605,2777,2605,2545,2045,1837,29975,29976,29976,29977,29979,29979,29987,29988]} 1. Nf3 d5 2. e3 Nf6 3. c4 e6 4. b3 c6 5. Bb2 Bd6 6. Qc2 {A06: Réti Opening: 1 Nf3 d5.} Nbd7 {6...0-0 is more fashionable.} 7. d4 O-O 8. Nbd2 {White has an edge.} Qe7 9. Bd3 h6 10. O-O e5 (10... b6 $11) 11. cxd5 cxd5 {[#] Strongly threatening ...e4.} 12. dxe5 Nxe5 13. Nxe5 Bxe5 {[#]} 14. Nf3 $146 ({Predecessor:} 14. Bxe5 Qxe5 15. Nf3 Qh5 16. Qc7 Bg4 17. Nd4 Rab8 18. Qf4 Rbe8 19. h3 Bc8 20. Bf5 {½-½ (44) Semenova,L (2280)-Ivanov,K Kiev 1999}) 14... Bd6 15. h3 Bd7 16. Rfd1 Rac8 17. Qe2 Rfd8 18. Rac1 Rxc1 19. Rxc1 Ne4 20. Bd4 a6 21. Rd1 Bf5 22. Qb2 Ba3 23. Qa1 $1 f6 24. Qb1 Rc8 25. Bb2 Bb4 26. Rc1 Re8 27. Qc2 Bd6 28. Qe2 Bd7 29. Rd1 Qf7 (29... Bb8 $11) 30. Nd2 {aiming for Nxe4.} (30. Bxe4 $5 Rxe4 31. Qd3 $14) 30... Nc5 31. Bb1 Bb5 32. Qg4 Nd3 33. Bd4 h5 (33... f5 $11 34. Qf3 Nf4) 34. Qf5 $16 g6 35. Qxf6 Qxf6 36. Bxf6 Rf8 37. Bh4 {Threatens to win with Nf1.} Kg7 (37... Nb2 $16 {was necessary.} 38. Rc1 Nd3 39. Bxd3 Bxd3) 38. a4 (38. Nf1 $18 {is more deadly.} Nb4 39. a3) 38... Nb2 39. Rc1 Bd3 40. Bxd3 Nxd3 41. Rc3 $36 {[%mdl 2048] White is on the roll.} Nb4 42. Nf3 Nc6 43. Rd3 Nb4 44. Rc3 Nc6 45. Bg5 Ne5 {[#] This move loses the game for Black.} (45... Kf7 $16 46. Kf1 Ke6) 46. Nxe5 $1 $18 Bxe5 {[%mdl 4096] Endgame KRB-KRB} 47. Rd3 Rc8 {( -> ...Rc1+)} 48. f4 Bf6 49. Rxd5 Bxg5 50. fxg5 {KR-KR} ({Less strong is} 50. Rxg5 Kf6 $18) 50... Rc7 51. Kf2 Kf7 52. Rd6 a5 53. Rb6 Rc5 (53... h4 $142 54. Kf3 Kg7) 54. Rxb7+ Ke6 55. h4 Rc2+ 56. Kf3 Rc1 57. Rb6+ Kf5 58. Rb5+ Ke6 59. Rxa5 Rf1+ 60. Ke2 Rg1 61. Kf2 {Cut Off at move 61} Rh1 62. g3 Rh2+ 63. Kf3 Rh1 64. Ra6+ Kf5 65. Rf6+ Ke5 66. Rxg6 Rf1+ 67. Kg2 Re1 68. Kf2 Rb1 69. Rb6 Ke4 70. Rb4+ {White mates.} Kf5 71. a5 {[%cal Ba4a5,Ba5a6][%mdl 32]} Ra1 72. Ra4 Rb1 73. a6 {Weighted Error Value: White=0.12/Black=0.24} 1-0

[Event "EWCCC Online Final 2020"]
[Site "Online"]
[Date "2020.12.21"]
[Round "2.2"]
[White "Balajayeva, Khanim"]
[Black "Daulyte-Cornette, Deimante"]
[Result "1/2-1/2"]
[WhiteElo "2376"]
[BlackElo "2400"]
[Annotator "TA"]
[PlyCount "172"]
[EventDate "2020.12.19"]
[EventType "team-tourn"]
[EventCountry "NET"]
[SourceTitle "playchess.com"]
[Source "ChessBase"]
[SourceQuality "1"]

{[%evp 15,172,26,39,29,32,30,32,29,44,43,65,65,65,66,142,144,139,70,68,60,51,58,73,60,143,146,196,202,176,176,181,93,110,75,81,79,104,82,91,65,159,158,159,172,206,200,205,208,197,158,181,122,197,200,222,224,206,194,208,181,154,127,155,168,148,154,185,5,81,0,0,-66,-70,-140,-134,-139,-135,-150,0,-305,-303,-301,-273,-275,-227,-243,-201,-337,-332,-318,-323,-322,0,0,12,13,15,0,8,0,13,14,15,10,14,14,20,20,20,20,22,20,24,26,52,22,29955,29959,29957,29954,9970,3909,29972,29966,29962,29966,29961,29967,29955,22,22,22,22,22,22,22,22,22,22,20,22,22,22,22,22,22,22,22,22,22,22,0,22,20,20,-8,-8,-8,-8]} 1. e4 Nf6 2. Nc3 d5 3. e5 d4 4. exf6 dxc3 5. fxg7 cxd2+ 6. Qxd2 Qxd2+ 7. Bxd2 Bxg7 8. O-O-O Bf5 9. Nf3 {B02: Alekhine's Defence: Chase Variation and lines with early Nc3.} Nd7 10. Bc4 Nb6 11. Bb3 {White is slightly better.} c5 {aiming for ...c4.} 12. c3 c4 13. Bc2 Bxc2 14. Kxc2 {[#]} O-O-O $146 (14... e6 $14) ({Predecessor:} 14... e6 15. Be3 Nd5 16. Bd4 O-O 17. Bxg7 Kxg7 {½-½ (17) Goldgewicht,L (2245)-Cosson,J (2305) Bagneux 1992}) 15. Rhe1 $16 e6 16. Be3 (16. Re4 $16) 16... Nd5 17. Bd4 Bxd4 18. Rxd4 b5 19. Rh4 Rhg8 (19... Kc7 $14) 20. g3 Rg7 {[#]} 21. a4 $1 {[%mdl 512]} a6 (21... bxa4 22. Rxc4+) 22. axb5 axb5 23. Re5 (23. Nd4 $18) 23... Kb7 24. Reh5 Rh8 25. Nd4 Kb6 26. Rh6 b4 27. cxb4 Nxb4+ (27... Rd8 $1 $14) 28. Kc3 Nd3 29. f3 ({Much worse is} 29. Kxc4 $6 Nxf2 30. Kb3 Ng4 $11) 29... Ne5 30. R4h5 $1 {[%cal Rh5e5]} Ng6 31. Kxc4 Rc8+ 32. Kb4 Rd8 33. Nb3 (33. Rb5+ $18 Ka6 34. Nb3) 33... Rd3 (33... Ne7 $16 {was worth a try.}) 34. f4 $18 ({But not} 34. Rxh7 $6 Rxh7 35. Rxh7 Rxf3 $16) 34... Nf8 35. Rb5+ Kc7 36. Rhh5 Nd7 37. Ra5 Rg8 38. Rhb5 Kd6 39. Ra6+ Ke7 40. Ra7 Rc8 41. Rbb7 $2 (41. Nc5 $1 $18 {[%cal Rc5d3]} Rd4+ 42. Ka5) 41... Ke8 (41... Rc2 $11 {keeps the balance.}) 42. Rb5 (42. Na5 $16) 42... Rc2 $11 43. Ra2 (43. Na5 $11) 43... Rxh2 $15 44. Ra8+ (44. Nc5 $15 Nxc5 45. Kxc5) 44... Ke7 $17 45. Ra2 Rxg3 46. Rb7 Rf2 ({Black should try} 46... Rf3 $1 $17 {[%cal Rf3f4]} 47. Raa7 Rd3) 47. Raa7 $2 {[%mdl 8192]} (47. Nc5 $11 {and White has nothing to worry.} Rd2 48. Raa7 Rxb2+ 49. Kc4 Rc2+ 50. Kd4 Rd2+ 51. Kc4) 47... Rxf4+ $19 48. Ka3 Rd3 49. Ka2 Rf5 50. Rc7 Rfd5 51. Nc1 (51. Nc5 {was forced.} Rd2 52. Ne4) 51... Rd1 52. Ne2 {intending Nc3.} R1d2 53. Nc3 R5d3 $2 (53... R5d4 $19 54. Nb1 R2d3) 54. Ne4 $11 Rd5 {...R2d3 is the strong threat.} (54... Rd1 $5 55. Nf2 $8 {[%mdl 64] Double Attack} e5 $11) 55. Nxd2 Rxd2 {[%mdl 4096] Endgame KRR-KRN} 56. Ra3 h5 57. Rh3 Rd5 58. b4 Kd6 59. Rc2 Rd4 60. Kb3 h4 61. Rc4 {Cut Off at move 61} Rxc4 62. Kxc4 {KR-KN} Kc6 63. Rxh4 Ne5+ 64. Kb3 f5 65. Ka4 {Black must now prevent b5+.} Nd3 $2 {[%mdl 8192]} (65... Nd7 $11) 66. b5+ Kb6 67. Rd4 Nc5+ 68. Kb4 {Intending Rd6+ and mate.} Nb7 69. Rd7 f4 70. Rf7 Nc5 {[#]} 71. Rf6 $1 Nd3+ {[#]} 72. Kc4 $2 (72. Kc3 $1 {mates} Nc5 73. Kc4 Nd7 74. Rxe6+ Kc7 75. Kd4 f3 76. Ke3 Kd8 77. Rc6) 72... Ne5+ {The position is equal.} 73. Kd4 Nd7 74. Rxe6+ Kxb5 75. Rd6 Nb6 76. Ke4 Kc5 77. Rd1 Kb5 78. Kxf4 Nc4 79. Ke4 Kb4 80. Kd4 {White threatens Rb1+ and mate.} Na3 81. Rc1 Nb5+ 82. Kd3 Nd6 83. Kd4 Nb5+ 84. Kd5 Nc3+ 85. Kd4 Ne2+ 86. Kd3 Nxc1+ {A wild game.  Weighted Error Value: White=0.32/Black=0.30} 1/2-1/2

[Event "EWCCC Online Final 2020"]
[Site "Online"]
[Date "2020.12.21"]
[Round "2.3"]
[White "Sebag, Marie"]
[Black "Gara, Anita"]
[Result "1-0"]
[WhiteElo "2438"]
[BlackElo "2350"]
[Annotator "NA"]
[PlyCount "85"]
[EventDate "2020.12.19"]
[EventType "team-tourn"]
[EventCountry "NET"]
[SourceTitle "playchess.com"]
[Source "ChessBase"]
[SourceQuality "1"]
[TimeControl "900+5"]

1. e4 {[%emt 0:00:05]} e5 {[%emt 0:00:03]} 2. Nf3 {[%emt 0:00:03]} Nf6 {[%emt 0:00:03]} 3. Nxe5 {[%emt 0:00:09]} d6 {[%emt 0:00:03]} 4. Nf3 {[%emt 0:00:02]} Nxe4 {[%emt 0:00:02]} 5. d4 {[%emt 0:00:03]} d5 {[%emt 0:00:03]} 6. Bd3 {[%emt 0:00:02]} Bd6 {[%emt 0:00:03]} 7. O-O {[%emt 0:00:02]} O-O {[%emt 0:00:02]} 8. c4 {[%emt 0:00:02]} c6 {[%emt 0:00:03]} 9. Re1 {[%emt 0:00:02]} Bf5 {[%emt 0:00:03]} 10. Nc3 {[%emt 0:00:03]} Nxc3 {[%emt 0:02:36]} 11. bxc3 {[%emt 0:00:03]} Bxd3 {[%emt 0:00:50]} 12. Qxd3 {[%emt 0:00:03]} dxc4 {[%emt 0:00:47]} 13. Qxc4 {[%emt 0:00:02]} b5 {[%emt 0:01:22]} 14. Qd3 {[%emt 0:00:05]} Nd7 {[%emt 0:00:20]} 15. a4 {[%emt 0:00:15]} b4 {[%emt 0:01:39]} 16. c4 {[%emt 0:01:13]} c5 {[%emt 0:00:04]} 17. d5 {[%emt 0:00:08]} Qf6 {[%emt 0:00:41]} 18. Bg5 {[%emt 0:03:09]} Qg6 {[%emt 0:00:09]} 19. Qxg6 {[%emt 0:00:58]} hxg6 {[%emt 0:00:04]} 20. Be7 {[%emt 0:00:02]} Bxe7 {[%emt 0:00:06]} 21. Rxe7 {[%emt 0:00:02]} Nb6 {[%emt 0:00:10]} 22. Nd2 {[%emt 0:01:06]} Rfe8 {[%emt 0:00:13]} 23. Rxe8+ {[%emt 0:00:15]} Rxe8 {[%emt 0:00:03]} 24. a5 {[%emt 0:00:01]} Nc8 {[%emt 0:00:53]} 25. Kf1 {[%emt 0:00:37]} Nd6 {[%emt 0:00:08]} 26. a6 {[%emt 0:01:09]} Kf8 {[%emt 0:01:13]} 27. Ra5 {[%emt 0:00:25]} Rc8 {[%emt 0:00:05]} 28. Ke2 {[%emt 0:00:07]} Ke7 {[%emt 0:00:18]} 29. Kd3 {[%emt 0:00:03]} f5 {[%emt 0:03:29]} 30. Nb3 {[%emt 0:01:02]} Ne4 {[%emt 0:00:30]} 31. f3 {[%emt 0:00:06]} Nc3 {[%emt 0:00:06]} 32. Nxc5 {[%emt 0:00:46]} Kd6 {[%emt 0:00:44]} 33. Ne6 {[%emt 0:02:14]} Rb8 {[%emt 0:00:11]} 34. Nd4 {[%emt 0:00:09]} Re8 {[%emt 0:00:32]} 35. Nb5+ {[%emt 0:00:23]} Nxb5 {[%emt 0:00:04]} 36. Rxb5 {[%emt 0:00:02]} Re1 {[%emt 0:00:05]} 37. Rxb4 {[%emt 0:00:09]} Kc5 {[%emt 0:00:08]} 38. Rb5+ {[%emt 0:00:06]} Kd6 {[%emt 0:00:03]} 39. Rb7 {[%emt 0:00:03]} Rg1 {[%emt 0:00:06]} 40. Rxa7 {[%emt 0:00:08]} Rxg2 {[%emt 0:00:03]} 41. Rxg7 {[%emt 0:00:02]} Rxh2 {[%emt 0:00:04]} 42. a7 {[%emt 0:00:06]} Ra2 {[%emt 0:00:04]} 43. Rxg6+ {[%emt 0:00:02]} 1-0

[Event "EWCCC Online Final 2020"]
[Site "Online"]
[Date "2020.12.21"]
[Round "2.3"]
[White "Hoang, Thanh Trang"]
[Black "Gunina, Valentina"]
[Result "0-1"]
[WhiteElo "2404"]
[BlackElo "2451"]
[Annotator "TA"]
[PlyCount "190"]
[EventDate "2020.12.19"]
[EventType "team-tourn"]
[EventCountry "NET"]
[SourceTitle "playchess.com"]
[Source "ChessBase"]
[SourceQuality "1"]

{[%evp 10,189,24,16,12,14,15,7,18,16,13,10,10,9,25,7,27,16,14,12,34,28,30,0,0,0,0,0,0,0,0,0,0,0,0,0,0,0,0,0,0,-4,0,0,0,0,0,0,2,4,6,13,18,6,8,10,19,0,0,0,0,0,0,0,0,0,0,-223,-223,-258,-262,-250,-168,-168,-177,-188,-193,-196,-189,-260,-199,-195,-196,-189,-193,-244,-257,-277,-259,-258,-245,-236,-149,-151,0,-195,-165,-184,-86,-93,-86,-91,-75,-87,-82,-113,-89,-92,-72,-72,-38,-621,-621,-621,-621,-621,-621,-621,-621,-621,-621,-621,-621,-621,-621,-621,-621,-621,-621,-621,-621,-621,-621,-621,-621,-621,-621,-621,-621,-621,-621,-621,-621,-621,-621,-621,-621,-621,-621,-621,-621,-621,-621,-621,-621,-621,-621,-621,-621,-621,-621,-29989,-29988,-29990,-621,-29991,-29992,-29992,-621,-29993,-29994,-29994,-29995,-29995,-29996,-29996,-29997,-29997,-29998,-29998,-29999,-29999]} 1. d4 d5 2. Bf4 Nf6 3. e3 Bg4 4. Nf3 c6 5. Nbd2 e6 6. Bd3 Bd6 {D02: 1 d4 d5 2 Nf3 sidelines, including 2...Nf6 3 g3 and 2...Nf6 3 Bf4.} 7. Bxd6 Qxd6 8. c4 Nbd7 {The position is equal.} 9. O-O O-O 10. Qc2 {[#]} Rfe8 $146 ({Predecessor:} 10... Bh5 11. a3 Rfe8 12. b4 Bg6 13. Bxg6 hxg6 14. Rab1 {½-½ (14) Cioara,A (2373)-Malakhatko,V (2555) Condom 2004}) 11. h3 Bh5 12. Rfe1 Rac8 13. Rac1 Bxf3 14. Nxf3 dxc4 15. Bxc4 c5 16. dxc5 Rxc5 {White must now prevent ...b5.} 17. Qb1 Rec8 18. Bb3 g6 19. Rxc5 Qxc5 20. Rd1 Ne5 21. Nd4 Kh8 22. Qc2 Qxc2 23. Bxc2 Kg7 24. Bb3 Kf8 25. Kf1 Ke7 26. Ke2 a6 27. Rd2 h5 28. f4 Ned7 29. Rc2 Rxc2+ 30. Bxc2 $11 {[%mdl 4096] Endgame KBN-KNN} Nc5 (30... e5 $5 {[%cal Re5d4]} 31. Nf3 exf4 $11) 31. Kf3 Nd5 32. a3 Kd6 33. g4 hxg4+ 34. hxg4 e5 35. Ne2 Ne6 36. Be4 b5 37. g5 Nb6 38. Nc1 $2 (38. b3 $11 {and White is okay.}) 38... Nc4 $19 {Hoping for ...Nd2+.} 39. fxe5+ Nxe5+ 40. Ke2 Nxg5 41. Bb7 a5 {[%cal Ba6a5,Ba5a4][%mdl 32]} 42. Nb3 a4 43. Nd4 Kc5 44. b3 (44. b4+ $142 Kb6 45. Bd5) 44... axb3 45. Nxb3+ Kb6 $1 {[%cal Rb6b7]} 46. Bd5 {[#]} Nh7 $1 47. Nd4 (47. Bh1 {was worth a try.}) 47... Nf6 48. Bb3 Ne4 49. Bc2 Nc3+ 50. Kd2 Nd5 51. Bb3 Nf6 52. Ke2 Kc5 53. a4 {[#]} bxa4 (53... b4 $1 $19 {is more deadly.} 54. a5 Ne4) 54. Bxa4 $17 Ne4 {And now ...Nc3+ would win.} 55. Bb3 Nc3+ 56. Kd2 Nb5 (56... Kb4 {keeps more tension.} 57. Bc2 Nb5 58. Bb1 Kc4 59. Ba2+ Kc5) 57. Nc2 Nd6 58. Ke2 g5 59. Nd4 Nb5 60. Bxf7 $2 {[%mdl 8192] Now White is beyond hope.} (60. Nf3 $15 Nc3+ 61. Kf2) 60... Nxf7 $19 ({Less strong is} 60... Nc3+ 61. Kf2 $15) 61. Ne6+ {Cut Off at move 61} Kd5 62. Nxg5 Nxg5 63. e4+ Ke5 64. Kd3 Nd6 65. Ke3 Ne6 66. Kd3 Nc5+ 67. Ke3 Nc4+ 68. Kf3 Ne6 69. Ke2 Kd4 70. e5 Ke4 71. Kf2 Kd3 72. Kf3 Ne3 73. Kf2 Nf5 74. Kf3 Nfd4+ 75. Kf2 Kd2 76. Kg3 Ke3 77. Kg4 Ke4 78. Kg3 Kf5 79. Kf2 Kf4 80. Kg2 Ke3 81. Kg3 Nf5+ 82. Kg4 Nfg7 83. Kg3 Ke2 84. Kg4 Kf2 85. Kh4 Kf3 86. Kh3 Nf5 87. Kh2 {Now Kh3 and White clings on.} Ne3 88. Kh3 Ng2 89. Kh2 {White hopes to continue with Kh3.} Ngf4 {Black mates.} 90. Kg1 Ke2 91. Kh2 Kf2 92. Kh1 Ng5 93. e6 Nf3 94. e7 Nh5 {[%cal Rh5g3]} 95. e8=Q Ng3# {Weighted Error Value: White=0.28/Black=0.14} 0-1

[Event "EWCCC Online Final 2020"]
[Site "Online"]
[Date "2020.12.21"]
[Round "2.3"]
[White "Salimova, Nurgyul"]
[Black "Gara, Ticia"]
[Result "0-1"]
[WhiteElo "2397"]
[BlackElo "2383"]
[Annotator "NA"]
[PlyCount "92"]
[EventDate "2020.12.19"]
[EventType "team-tourn"]
[EventCountry "NET"]
[SourceTitle "playchess.com"]
[Source "ChessBase"]
[SourceQuality "1"]
[TimeControl "900+5"]

1. d4 {[%emt 0:00:00]} Nf6 {[%emt 0:00:04]} 2. Nf3 {[%emt 0:00:05]} e6 {[%emt 0:00:11]} 3. g3 {[%emt 0:00:17]} c5 {[%emt 0:00:05]} 4. Bg2 {[%emt 0:00:10]} d5 {[%emt 0:00:29]} 5. O-O {[%emt 0:00:38]} cxd4 {[%emt 0:00:10]} 6. Nxd4 {[%emt 0:00:12]} e5 {[%emt 0:00:04]} 7. Nb3 {[%emt 0:00:09]} Be6 {[%emt 0:00:22]} 8. Nc3 {[%emt 0:00:47]} Be7 {[%emt 0:01:42]} 9. Bg5 {[%emt 0:00:19]} Nbd7 {[%emt 0:00:04]} 10. f4 {[%emt 0:01:26]} exf4 {[%emt 0:00:41]} 11. gxf4 {[%emt 0:00:42]} g6 {[%emt 0:02:16]} 12. Kh1 {[%emt 0:03:30]} h6 {[%emt 0:01:51]} 13. Bh4 {[%emt 0:00:03]} Ng4 {[%emt 0:00:06]} 14. Bg3 {[%emt 0:01:18]} O-O {[%emt 0:00:33]} 15. Nxd5 {[%emt 0:01:18]} Bxd5 {[%emt 0:00:23]} 16. Qxd5 {[%emt 0:00:01]} Ne3 {[%emt 0:00:20]} 17. Qxb7 {[%emt 0:00:02]} Nxf1 {[%emt 0:00:19]} 18. Rxf1 {[%emt 0:00:02]} Nb6 {[%emt 0:01:07]} 19. f5 {[%emt 0:00:13]} Rc8 {[%emt 0:00:21]} 20. Qe4 {[%emt 0:00:25]} Rc4 {[%emt 0:00:15]} 21. Qf3 {[%emt 0:01:40]} Rxc2 {[%emt 0:00:12]} 22. f6 {[%emt 0:00:22]} Bxf6 {[%emt 0:01:06]} 23. Qxf6 {[%emt 0:00:05]} Qxf6 {[%emt 0:00:02]} 24. Rxf6 {[%emt 0:00:01]} Rxb2 {[%emt 0:00:01]} 25. Bf3 {[%emt 0:00:45]} Rxa2 {[%emt 0:00:05]} 26. Nc5 {[%emt 0:00:40]} Nc4 {[%emt 0:00:33]} 27. Bd5 {[%emt 0:00:35]} Ra1+ {[%emt 0:00:06]} 28. Kg2 {[%emt 0:00:15]} Ne3+ {[%emt 0:00:02]} 29. Kh3 {[%emt 0:00:03]} Nxd5 {[%emt 0:00:02]} 30. Rd6 {[%emt 0:00:02]} Ne3 {[%emt 0:00:09]} 31. Nd7 {[%emt 0:00:05]} Rc8 {[%emt 0:00:22]} 32. Rd3 {[%emt 0:00:09]} Rd1 {[%emt 0:00:32]} 33. Nf6+ {[%emt 0:00:19]} Kg7 {[%emt 0:00:01]} 34. Rxe3 {[%emt 0:00:21]} Kxf6 {[%emt 0:00:03]} 35. Be5+ {[%emt 0:00:08]} Kf5 {[%emt 0:00:04]} 36. Bg7 {[%emt 0:00:12]} g5 {[%emt 0:00:27]} 37. Re7 {[%emt 0:00:19]} Kg6 {[%emt 0:00:06]} 38. Be5 {[%emt 0:00:06]} Rd5 {[%emt 0:00:29]} 39. Bg3 {[%emt 0:00:14]} a5 {[%emt 0:00:05]} 40. Ra7 {[%emt 0:00:02]} Re8 {[%emt 0:00:04]} 41. Ra6+ {[%emt 0:00:11]} Re6 {[%emt 0:00:02]} 42. Ra8 {[%emt 0:00:01]} Rxe2 {[%emt 0:00:03]} 43. Rg8+ {[%emt 0:00:04]} Kh5 {[%emt 0:00:06]} 44. Rg7 {[%emt 0:00:11]} f5 {[%emt 0:00:04]} 45. Bc7 {[%emt 0:00:06]} Rd3+ {[%emt 0:00:06]} 46. Bg3 {[%emt 0:00:05]} g4+ {[%emt 0:00:02]} 0-1